[Event "Titled Tuesday intern op 14th Sept"]
[Site "Chess.com INT"]
[Date "2021.09.14"]
[Round "1"]
[White "Urquhart, Eddie"]
[Black "Hansen, Eric"]
[Result "0-1"]
[WhiteElo "2209"]
[BlackElo "2606"]
[PlyCount "60"]
[EventDate "2021.09.14"]
[EventType "swiss (blitz)"]
[EventRounds "11"]
[EventCountry "USA"]
[SourceTitle "EXT 2022"]
[Source "ChessBase"]
[SourceDate "2021.10.06"]
[SourceVersion "1"]
[SourceVersionDate "2021.10.06"]
[SourceQuality "1"]

1. e4 c5 2. Nc3 Nc6 3. f4 g6 4. Nf3 Bg7 5. a3 e6 6. b4 b6 7. bxc5 bxc5 8. e5 d6 9. Bb5 Nge7 10. Ne4 dxe5 11. fxe5 0-0 12. Nf6+ Kh8 13. Bb2 Rb8 14. Bxc6 Rxb2 15. Be4 Ng8 16. Nxg8 Kxg8 17. 0-0 Bxe5 18. Nxe5 Qd4+ 19. Kh1 Qxe5 20. Bf3 Rd8 21. d3 c4 22. Re1 Qc3 23. Rc1 Ba6 24. Be2 Qxa3 25. Ra1 Ra2 26. Rxa2 Qxa2 27. Qc1 cxd3 28. cxd3 Bb7 29. Qg5 Qd5 30. Bf3 Qxg5 0-1

[Event "Titled Tuesday intern op 07th Sept"]
[Site "Chess.com INT"]
[Date "2021.09.07"]
[Round "1"]
[White "Urquhart, Eddie"]
[Black "Kovalev, Vladislav"]
[Result "0-1"]
[WhiteElo "2209"]
[BlackElo "2634"]
[PlyCount "64"]
[EventDate "2021.09.07"]
[EventType "swiss (blitz)"]
[EventRounds "11"]
[EventCountry "USA"]
[SourceTitle "EXT 2022"]
[Source "ChessBase"]
[SourceDate "2021.10.06"]
[SourceVersion "1"]
[SourceVersionDate "2021.10.06"]
[SourceQuality "1"]

1. e4 e5 2. Nf3 Nc6 3. d4 exd4 4. Bc4 Nf6 5. e5 d5 6. Bb5 Nd7 7. 0-0 Be7 8. Re1 0-0 9. Bxc6 bxc6 10. Nxd4 Nb8 11. f4 c5 12. Nf3 Nc6 13. Nc3 Be6 14. Ne2 Qd7 15. Ng3 Rad8 16. c3 f6 17. exf6 Bxf6 18. Be3 d4 19. cxd4 cxd4 20. Bd2 d3 21. Qa4 Nd4 22. Qxd7 Nxf3+ 23. gxf3 Bxd7 24. Rac1 Bh3 25. Ne4 Bxb2 26. Rxc7 Bd4+ 27. Kh1 Rc8 28. Rec1 Rxc7 29. Rxc7 Rb8 30. Rc1 h6 31. Bc3 Bxc3 32. Nxc3 Rc8 0-1

[Event "Titled Tuesday intern op 24th Aug"]
[Site "Chess.com INT"]
[Date "2021.08.24"]
[Round "2"]
[White "Blanco Gramajo, Cesar Augusto"]
[Black "Urquhart, Eddie"]
[Result "1-0"]
[WhiteElo "2065"]
[BlackElo "2209"]
[PlyCount "79"]
[EventDate "2021.08.24"]
[EventType "swiss (blitz)"]
[EventRounds "11"]
[EventCountry "USA"]
[SourceTitle "EXT 2022"]
[Source "ChessBase"]
[SourceDate "2021.10.06"]
[SourceVersion "1"]
[SourceVersionDate "2021.10.06"]
[SourceQuality "1"]

1. d4 Nf6 2. Nf3 e6 3. g3 d5 4. Bg2 Be7 5. 0-0 0-0 6. c4 dxc4 7. Qc2 Bd7 8. Qxc4 Bc6 9. b3 a6 10. Bb2 b5 11. Qc2 Bb7 12. Nbd2 Nbd7 13. Rfd1 Rc8 14. Ne5 Bxg2 15. Kxg2 Nxe5 16. dxe5 Nd5 17. Ne4 c5 18. Nd6 Bxd6 19. exd6 Rc6 20. e4 Nb4 21. Qd2 Rb6 22. a3 Nc6 23. Rac1 Nd4 24. Bxd4 cxd4 25. Qxd4 f6 26. Rc7 Rb8 27. f4 Rc8 28. Rdc1 Rxc7 29. Rxc7 Qa8 30. Kh3 Rd8 31. d7 Kf7 32. Qc5 Qxe4 33. Rc8 Rxd7 34. Qf8+ Kg6 35. Qe8+ Rf7 36. Rc7 Qf5+ 37. Kg2 Qd5+ 38. Kh3 e5 39. f5+ Kh6 40. Qxf7 1-0

[Event "Titled Tuesday intern op 24th Aug"]
[Site "Chess.com INT"]
[Date "2021.08.24"]
[Round "1"]
[White "Urquhart, Eddie"]
[Black "Kuzubov, Yuriy"]
[Result "0-1"]
[WhiteElo "2209"]
[BlackElo "2628"]
[PlyCount "86"]
[EventDate "2021.08.24"]
[EventType "swiss (blitz)"]
[EventRounds "11"]
[EventCountry "USA"]
[SourceTitle "EXT 2022"]
[Source "ChessBase"]
[SourceDate "2021.10.06"]
[SourceVersion "1"]
[SourceVersionDate "2021.10.06"]
[SourceQuality "1"]

1. e4 e5 2. Nf3 Nf6 3. Nxe5 d6 4. Nf3 Nxe4 5. Nc3 Nxc3 6. dxc3 Be7 7. Be3 0-0 8. Qd2 Nd7 9. 0-0-0 Re8 10. h4 c6 11. h5 h6 12. g4 Nf6 13. g5 Ne4 14. Qd4 Nxg5 15. Nxg5 Bxg5 16. Bxg5 Qxg5+ 17. Kb1 Qe5 18. Qd2 Bg4 19. Rc1 Qf6 20. Bd3 Re5 21. Rcg1 Rxh5 22. a3 Rxh1 23. Rxh1 Re8 24. f4 d5 25. Qg2 h5 26. Qg3 d4 27. c4 Re3 28. Qh2 Qd6 29. Rg1 g6 30. Rf1 f5 31. Qh4 Qe7 32. Qf2 Kg7 33. Qd2 h4 34. Qa5 b6 35. Qa6 c5 36. Qc8 h3 37. Qc6 h2 38. Rh1 Re1+ 39. Ka2 Rxh1 40. Qxh1 Qh4 41. Qb7+ Kh6 42. Qf7 Qd8 43. Qd5 Qxd5 0-1